Sports Quiz

Random Sports or NBA Quiz

A Decade of Sports (1990s) Quiz Stats

 Plays Quiz Updated Aug 22, 2015

Support Sporcle.
Go Orange.
Score 0/68 Timer 07:00
15 Plays Today
Event Team % Correct
World Series ChampionsN/A*
96.6%
NBA ChampionsChicago Bulls
96%
NBA ChampionsChicago Bulls
96%
NBA ChampionsChicago Bulls
96%
NBA ChampionsChicago Bulls
96%
NBA ChampionsChicago Bulls
96%
NBA ChampionsChicago Bulls
96%
World Series ChampionsNew York Yankees
94.3%
World Series ChampionsNew York Yankees
94.3%
World Series ChampionsNew York Yankees
94.3%
Most Olympic MedalsUnited States of America
88.4%
Super Bowl ChampionsDallas Cowboys
88%
Super Bowl ChampionsDallas Cowboys
88%
Super Bowl ChampionsDallas Cowboys
88%
Super Bowl ChampionsNew York Giants
84.4%
World Series ChampionsCincinnati Reds
84.4%
NBA ChampionsDetroit Pistons
83.8%
NCAA DI Basketball ChampionsDuke Blue Devils
82.5%
NCAA DI Basketball ChampionsDuke Blue Devils
82.5%
Super Bowl ChampionsGreen Bay Packers
82.4%
NBA ChampionsHouston Rockets
82%
NBA ChampionsHouston Rockets
82%
Super Bowl ChampionsSan Francisco 49ers
81.8%
Most Olympic MedalsUnified Team*
81.7%
FIFA World Cup ChampionsWest Germany
80.9%
Most Olympic MedalsGermany
80%
Most Olympic MedalsGermany
80%
NBA ChampionsSan Antonio Spurs
79.8%
FIFA World Cup ChampionsBrazil
79.7%
Super Bowl ChampionsDenver Broncos
77.6%
Super Bowl ChampionsDenver Broncos
77.6%
Stanley Cup ChampionsDetroit Red Wings
77.6%
Stanley Cup ChampionsDetroit Red Wings
77.6%
NCAA DI Basketball ChampionsUCLA Bruins
74.9%
Event Team % Correct
FIFA World Cup ChampionsFrance
74.7%
NCAA DI Basketball ChampionsNorth Carolina Tar Heels
74.5%
Stanley Cup ChampionsNew York Rangers
73.8%
NCAA DI-A Football ChampionsFlorida Gators
72.5%
World Series ChampionsAtlanta Braves
72.3%
NCAA DI-A Football ChampionsMiami Hurricanes
71.7%
World Series ChampionsToronto Blue Jays
71.7%
World Series ChampionsToronto Blue Jays
71.7%
Super Bowl ChampionsSt. Louis Rams
70%
NCAA DI-A Football ChampionsMichigan Wolverines
69.1%
Super Bowl ChampionsWashington Redskins
69%
Stanley Cup ChampionsPittsburgh Penguins
68.8%
Stanley Cup ChampionsPittsburgh Penguins
68.8%
NCAA DI-A Football ChampionsAlabama Crimson Tide
68%
World Series ChampionsFlorida Marlins
68%
NCAA DI Basketball ChampionsKentucky Wildcats
67.1%
NCAA DI Basketball ChampionsKentucky Wildcats
67.1%
NCAA DI-A Football ChampionsFlorida State Seminoles
65.1%
NCAA DI-A Football ChampionsFlorida State Seminoles
65.1%
Stanley Cup ChampionsMontreal Canadiens
64.2%
Stanley Cup ChampionsEdmonton Oilers
63.8%
World Series ChampionsMinnesota Twins
62.5%
Stanley Cup ChampionsColorado Avalanche
56.5%
NCAA DI-A Football ChampionsNebraska Cornhuskers
56.1%
NCAA DI-A Football ChampionsNebraska Cornhuskers
56.1%
Most Olympic MedalsNorway
55.5%
Stanley Cup ChampionsNew Jersey Devils
55.3%
Stanley Cup ChampionsDallas Stars
51.2%
NCAA DI Basketball ChampionsUNLV Runnin' Rebels
48.8%
NCAA DI Basketball ChampionsConnecticut Huskies
47.6%
NCAA DI Basketball ChampionsArizona Wildcats
46.8%
NCAA DI-A Football ChampionsTennessee Volunteers
42.3%
NCAA DI Basketball ChampionsArkansas Razorbacks
38.5%
NCAA DI-A Football ChampionsColorado Buffaloes
36%

From the Vault

Double Letter Crossword

by apeminkie

Two letters is better than none.
Remove Ads.
Support Sporcle.
Get the best of Sporcle when you Go Orange. This ad-free experience offers more features, more stats, and more fun while also helping to support Sporcle. Thank you for becoming a member.

Show Comments

Extras

Top Quizzes Today


Score Distribution

Your Account Isn't Verified!

In order to create a playlist on Sporcle, you need to verify the email address you used during registration. Go to your Sporcle Settings to finish the process.

Report this User

Report this user for behavior that violates our Community Guidelines.

Details: